E3 Saxo Classic Cycling Race Winners - Statistics

General Stats
  • This quiz has been taken 7 times
  • The average score is 16 of 68
Answer Stats
Year Country Winner % Correct
2023 Belgium Wout van Aert
100%
2022 Belgium Wout van Aert
100%
2026 Netherlands Mathieu van der Poel
86%
2025 Netherlands Mathieu van der Poel
86%
2024 Netherlands Mathieu van der Poel
86%
2016 Poland Michal Kwiatkowski
71%
2012 Belgium Tom Boonen
71%
2007 Belgium Tom Boonen
71%
2006 Belgium Tom Boonen
71%
2005 Belgium Tom Boonen
71%
2004 Belgium Tom Boonen
71%
2013 Switzerland Fabian Cancellara
57%
2011 Switzerland Fabian Cancellara
57%
2010 Switzerland Fabian Cancellara
57%
2021 Denmark Kasper Asgreen
57%
2018 Netherlands Niki Terpstra
57%
2014 Slovakia Peter Sagan
57%
2019 Czech Republic Zdenek Štybar
57%
2017 Belgium Greg Van Avermaet
43%
1998 Belgium Johan Museeuw
29%
1992 Belgium Johan Museeuw
29%
1999 Belgium Peter Van Petegem
29%
1971 Belgium Roger De Vlaeminck
29%
2001 Belgium Andrei Tchmil
14%
1994 Moldova Andrei Tchmil
14%
2015 Great Britain Geraint Thomas
14%
1993 Italy Mario Cipollini
14%
1969 Belgium Rik Van Looy
14%
1966 Belgium Rik Van Looy
14%
1965 Belgium Rik Van Looy
14%
1964 Belgium Rik Van Looy
14%
1962 Belgium André Messelis
0%
1958 Belgium Armand Desmet
0%
1961 Belgium Arthur De Cabooter
0%
1995 Belgium Bart Leysen
0%
1984 Netherlands Bert Oosterbosch
0%
1996 Belgium Carlo Bomans
0%
1960 Belgium Daniel Doom
0%
1970 Belgium Daniel Van Ryckeghem
0%
2002 Italy Dario Pieri
0%
1977 West Germany Dietrich Thurau
0%
1989 Belgium Eddy Planckaert
0%
1987 Belgium Eddy Planckaert
0%
1986 Belgium Eric Vanderaerden
0%
2009 Italy Filippo Pozzato
0%
1975 Belgium Frans Verbeeck
0%
1978 Belgium Freddy Maertens
0%
1988 Italy Guido Bontempi
0%
1997 Belgium Hendrik Van Dijck
0%
1974 Belgium Herman Van Springel
0%
1972 Belgium Hubert Hutsebaut
0%
1968 Belgium Jaak De Boever
0%
1982 Belgium Jan Bogaert
0%
1981 Netherlands Jan Raas
0%
1980 Netherlands Jan Raas
0%
1979 Netherlands Jan Raas
0%
2008 Norway Kurt Asle Arvesen
0%
1963 Belgium Noël Foré
0%
1959 Belgium Norbert Kerckhove
0%
1991 Germany Olaf Ludwig
0%
1985 Australia Phil Anderson
0%
2000 Russia Sergei Ivanov
0%
1990 Denmark Søren Lilholt
0%
2003 Netherlands Steven de Jongh
0%
1976 Belgium Walter Planckaert
0%
1983 Belgium William Tackaert
0%
1967 Belgium Willy Bocklant
0%
1973 Belgium Willy In 't Ven
0%
No matching quizzes found
Score Distribution
Percent of People with Each Score
Percentile by Number Answered
Your Score History
You have not taken this quiz